| 000 | 01384cam a22003011ia4500 | ||
|---|---|---|---|
| 003 | SA-RiAUC | ||
| 005 | 20250717084547.0 | ||
| 008 | 250717s1998 su f 000 0 ara c | ||
| 020 | _a9786030278855 | ||
| 020 | _a9786030278824 | ||
| 040 |
_aSA-BaBAHAU _bara _cSA-RiAUC _erda |
||
| 043 | _aa-su--- | ||
| 082 | 0 | 4 |
_a346.531082 _qSA-RiAUC |
| 090 |
_a346.531082 _bع ق ي |
||
| 100 | 1 |
_aالعقيل، عبد الله بن عبد العزيز بن عبد الله، _d1334-1432 هجري _eمؤلف. |
|
| 245 | 1 | 0 |
_aقرارات الهيئة الشرعية لشركة الراجحي المصرفية للاستثمار / _cعبد الله بن عبد العزيز بن عقيل. |
| 250 | _aالطبعة الأولى. | ||
| 264 | 1 |
_aالرياض : _bشركة الراجحي المصرفية للاستثمار، _c1998 |
|
| 300 |
_a3 مجلد ؛ _c24 سم |
||
| 336 |
_aنص _btxt _2rdacontent _3كتاب |
||
| 337 |
_aبدون وسيط _bn _2rdamedia |
||
| 338 |
_aمجلد _bnc _2rdacarrier |
||
| 610 | 2 | 7 |
_aالراجحي المصرفية للاستثمار (شركة : السعودية) _vدراسات حالة _2aucnm |
| 650 | 7 |
_aالبنوك الإسلامية _xقوانين وتشريعات _zالسعودية _2aucsh |
|
| 650 | 7 |
_aالاستثمار _xقوانين وتشريعات _zالسعودية _2aucsh |
|
| 942 |
_2ddc _cBOOK _n0 |
||
| 949 |
_aSA-JeALM _d250717 _ueid123 _n1 |
||
| 999 |
_c10010 _d10010 |
||